|
|
|
|
| LEADER |
01459nam a2200373Ia 4500 |
| 001 |
EBC168912 |
| 003 |
MiAaPQ |
| 005 |
20200520144314.0 |
| 006 |
m o d | |
| 007 |
cr cn||||||||| |
| 008 |
900226s1990 enk sb 010 0 eng d |
| 010 |
|
|
|z 90008239
|
| 020 |
|
|
|z 0203064402
|
| 020 |
|
|
|z 0415044723
|
| 035 |
|
|
|a (MiAaPQ)EBC168912
|
| 035 |
|
|
|a (Au-PeEL)EBL168912
|
| 035 |
|
|
|a (CaPaEBR)ebr10060680
|
| 035 |
|
|
|a (CaONFJC)MIL33025
|
| 035 |
|
|
|a (OCoLC)252796611
|
| 040 |
|
|
|a MiAaPQ
|c MiAaPQ
|d MiAaPQ
|
| 050 |
|
4 |
|a HD4420.8
|b .P835 1990
|
| 245 |
0 |
0 |
|a Public enterprise at the crossroads
|h [electronic resource] :
|b essays in honour of V.V. Ramanadham /
|c edited by John Heath.
|
| 260 |
|
|
|a London ;
|a New York :
|b Routledge,
|c 1990.
|
| 300 |
|
|
|a xi, 304 p.
|
| 504 |
|
|
|a "List of books published by professor V.V. Ramanadham": p.
|
| 533 |
|
|
|a Electronic reproduction. Ann Arbor, MI : ProQuest, 2015. Available via World Wide Web. Access may be limited to ProQuest affiliated libraries.
|
| 600 |
1 |
0 |
|a Ramanadham, V. V.
|q (Venkata Vemuri),
|d 1920-
|
| 650 |
|
0 |
|a Government business enterprises
|z Developing countries.
|
| 650 |
|
0 |
|a Privatization
|z Developing countries.
|
| 655 |
|
4 |
|a Electronic books.
|
| 700 |
1 |
|
|a Ramanadham, V. V.
|q (Venkata Vemuri),
|d 1920-
|
| 700 |
1 |
|
|a Heath, J. B.
|q (John B.),
|d 1924-
|
| 710 |
2 |
|
|a ProQuest (Firm)
|
| 856 |
4 |
0 |
|u https://ebookcentral.proquest.com/lib/matrademy/detail.action?docID=168912
|z Click to View
|